Detalles MARC
| 000 -LEADER |
| campo de control de longitud fija |
01599nam a2200349 i 4500 |
| 001 - NÚMERO DE CONTROL |
| campo de control |
185206 |
| 003 - IDENTIFICADOR DE NÚMERO DE CONTROL |
| campo de control |
SpMaBN |
| 005 - FECHA Y HORA DE LA ÚLTIMA TRANSACCIÓN |
| campo de control |
20251005063139.0 |
| 008 - DATOS DE LONGITUD FIJA--INFORMACIÓN GENERAL |
| campo de control de longitud fija |
160408s2003 sp |||| |bspa d |
| 080 ## - NÚMERO DE LA CLASIFICACIÓN DECIMAL UNIVERSAL |
| Número de la Clasificación Decimal Universal |
929 Churchill, Winston, Sir |
| 080 ## - NÚMERO DE LA CLASIFICACIÓN DECIMAL UNIVERSAL |
| Número de la Clasificación Decimal Universal |
94(410)"19" |
| 100 1# - ENTRADA PRINCIPAL--NOMBRE DE PERSONA |
| Nombre de persona |
Jenkins, Roy, |
| Fechas asociadas al nombre |
1920-2003 |
| 9 (RLIN) |
159336 |
| 245 10 - MENCIÓN DEL TÍTULO |
| Título |
Winston Churchill / |
| Mención de responsabilidad, etc. |
Roy Jenkins ; prólogo de Manuel Fraga Iribarne ; [traducción, Carme Camps Monfà]. |
| 250 ## - MENCION DE EDICION |
| Mención de edición |
Ed. especial para este periódico. |
| 260 ## - PUBLICACIÓN, DISTRIBUCIÓN, ETC. |
| Lugar de publicación, distribución, etc. |
[Barcelona] : |
| Nombre del editor, distribuidor, etc. |
Folio, |
| Fecha de publicación, distribución, etc. |
[2003] |
| 300 ## - DESCRIPCIÓN FÍSICA |
| Extensión |
2 v. (1132 p.) ; |
| Dimensiones |
21 cm. |
| 490 1# - MENCIÓN DE SERIE |
| Mención de serie |
Biblioteca ABC. Protagonistas del s. XX ; |
| Designación de volumen o secuencia |
1, 3. Las biografías que construyeron el siglo |
| 500 ## - NOTA GENERAL |
| Nota general |
Glosario de términos parlamentarios. |
| 500 ## - NOTA GENERAL |
| Nota general |
Índice. |
| 504 ## - NOTA DE BIBLIOGRAFÍA, ETC. |
| Nota de bibliografía, etc. |
Bibliografía: p. [1009]-1014. |
| 505 8# - NOTA DE CONTENIDO CON FORMATO |
| Nota de contenido con formato |
Contiene: v. I ; |
| Título |
Primera parte: 1874-1908 ; |
| -- |
2ª parte: 1908-1914 ; |
| -- |
3ª parte: 1914-1918 ; |
| -- |
4ª parte: 1919-1939 -- v. II ; |
| -- |
Quinta parte: 1939-1945 ; |
| -- |
6ª parte: 1945-1965 |
| 600 14 - PUNTO DE ACCESO ADICIONAL DE MATERIA--NOMBRE DE PERSONA |
| Nombre de persona |
Churchill, Winston, |
| Títulos y otros términos asociados al nombre |
Sir, |
| Fechas asociadas al nombre |
1874-1965 |
| 9 (RLIN) |
38708 |
| 651 #7 - PUNTO DE ACCESO ADICIONAL DE MATERIA--NOMBRE GEOGRÁFICO |
| Nombre geográfico |
Gran Bretaña- |
| Subdivisión general |
Historia- |
| Subdivisión cronológica |
S.XX. |
| 9 (RLIN) |
8755 |
| 700 1# - ENTRADA AGREGADA--NOMBRE PERSONAL |
| Nombre de persona |
Fraga Iribarne, Manuel, |
| Fechas asociadas al nombre |
1922-2012 |
| 9 (RLIN) |
193721 |
| 700 1# - ENTRADA AGREGADA--NOMBRE PERSONAL |
| Nombre de persona |
Camps, Carmen. |
| 9 (RLIN) |
34310 |
| 710 2# - ENTRADA AGREGADA--NOMBRE DE ENTIDAD CORPORATIVA |
| Nombre de entidad corporativa o nombre de jurisdicción como elemento de entrada |
Diario ABC. |
| 9 (RLIN) |
1137 |
| 830 00 - PUNTO DE ACCESO ADICIONAL DE SERIE-TÍTULO UNIFORME |
| Título uniforme |
Biblioteca ABC. Protagonistas del s. XX |
| Designación de volumen o secuencia |
1, 3. Las biografías que construyeron el siglo |
| 9 (RLIN) |
192266 |
| 852 ## - LOCALIZACIÓN |
| Ubicación |
ES-MaACL |
| Número de control de estantería |
A-13689 |
| itemnumber |
192226 |
| Sublocalización o colección |
R.150376 |
| Ubicación en estantería |
Depósito 1 |
| Signatura antigua |
Olim: N-6689 |
| Designación de la unidad física |
Vol. 1 |
| Encuadernación |
enc. cart. |
| 852 ## - LOCALIZACIÓN |
| Ubicación |
ES-MaACL |
| Número de control de estantería |
A-13690 |
| Sublocalización o colección |
R.150376 |
| Ubicación en estantería |
Depósito 1 |
| Signatura antigua |
Olim: N-6690 |
| Designación de la unidad física |
Vol. 2 |
| Encuadernación |
enc. cart. |
| itemnumber |
200887 |
| 942 ## - ELEMENTOS DE ENTRADA SECUNDARIOS (KOHA) |
| Fuente del sistema de clasificación o colocación |
Clasificación decimal universal |